Magyarok - Hirtelen halál - Statistics

General Stats
  • This quiz has been taken 69 times
  • The average score is 18 of 20
Answers on the Grid
Answers color-coded by a green-red scale on the quiz's grid according to % correct below.
Albert Szent-Györgyi
Alvar Aalto
Béla Bartók
Elias Lönnrot
Ernő Rubik
Ferenc Liszt
Ferenc Puskás
György Ligeti
Imre Kertész
Imre Nagy
István Széchenyi
Jean Sibelius
Judit Polgár
Károly Takács
Katalin Karikó
Kersti Kaljulaid
Lajos Kossuth
László Krasznahorkai
Lennart Meri
Martti Ahtisaari
Mika Häkkinen
Miklós Horthy
Miklós Rózsa
Ott Tänak
Pál Teleki
Paul Keres
Péter Eötvös
Sándor Petőfi
Väinö Linna
Viktor Orbán
 
Answer Stats
Answer % Correct
Albert Szent-Györgyi
96%
Béla Bartók
96%
Ferenc Liszt
95%
Ferenc Puskás
95%
György Ligeti
95%
Ernő Rubik
93%
Imre Kertész
93%
Judit Polgár
93%
Lajos Kossuth
93%
István Széchenyi
91%
Károly Takács
91%
Katalin Karikó
91%
Imre Nagy
89%
László Krasznahorkai
89%
Miklós Rózsa
89%
Pál Teleki
89%
Sándor Petőfi
89%
Viktor Orbán
89%
Miklós Horthy
88%
Péter Eötvös
86%
No matching quizzes found
Score Distribution
Percent of People with Each Score
Percentile by Number Answered
Your Score History
You have not taken this quiz